000 00714nam a22001937a 4500
005 2010081600490.0
010 _aENG-100549
020 _a8177354353
_c45.00
035 _aEN-84082
037 _bDBAD/PUB
082 _a921
100 _aPadmavathy, D.
_913729
245 _aSocial reformers of modern India (reference book) :
_bsyllabus for P.G. CBCS under the bharathidasan university /
_cby D. Padmavathy
260 _aChennai
_bPavai Publications
_c2007
270 _a142, Jai Jan Khan Road, Royapettah
_bChannai
_e600014
300 _a96p.
_c20cm (pbk)
942 _2ddc
_cEN
_h921
_mPAD
999 _c42062
_d42062